Statistics for Every UFC Title Fight of 2016

Click here to take the quiz!

General Stats

  • This quiz has been taken 45 times
  • The average score is 35 of 44

Answer Stats

EventWeight ClassAnswer% Correct
UFC 205LightweightConor McGregor
97%
UFC 197Light HeavyweightJon Jones
97%
UFC 200FeatherweightJose Aldo
97%
UFC 201WelterweightTyron Woodley
97%
UFC 205WelterweightTyron Woodley
97%
UFC Fight Night 81BantamweightDominick Cruz
94%
UFC 207BantamweightDominick Cruz
94%
UFC 199BantamweightDominick Cruz
94%
UFC 203HeavyweightStipe Miocic
94%
UFC 198HeavyweightStipe Miocic
94%
UFC 197FlyweightDemetrious Johnson
92%
The Ultimate Fighter 24 FinaleFlyweightDemetrious Johnson
92%
UFC 205LightweightEddie Alvarez
92%
UFC Fight Night 90LightweightEddie Alvarez
92%
UFC 199MiddleweightLuke Rockhold
92%
UFC 206FeatherweightMax Holloway
92%
UFC 207Women's BantamweightAmanda Nunes
89%
UFC 200Women's BantamweightAmanda Nunes
89%
UFC 199MiddleweightMichael Bisping
89%
UFC 204MiddleweightMichael Bisping
89%
UFC 205WelterweightStephen Thompson
89%
UFC 207Women's BantamweightRonda Rousey
86%
UFC Fight Night 81BantamweightTJ Dillashaw
86%
UFC 198HeavyweightFabricio Werdum
83%
UFC 196Women's BantamweightHolly Holm
83%
UFC 207BantamweightCody Garbrandt
81%
UFC 195WelterweightRobbie Lawler
81%
UFC 201WelterweightRobbie Lawler
81%
UFC 199BantamweightUrijah Faber
81%
UFC 203HeavyweightAlistair Overeem
78%
UFC Fight Night 90LightweightRafael dos Anjos
78%
UFC 204MiddleweightDan Henderson
75%
UFC 197FlyweightHenry Cejudo
75%
UFC 196Women's BantamweightMiesha Tate
75%
UFC 200Women's BantamweightMiesha Tate
75%
UFC 206FeatherweightAnthony Pettis
69%
UFC 195WelterweightCarlos Condit
69%
UFC 200FeatherweightFrankie Edgar
64%
UFC 197Light HeavyweightOvince Saint Preux
56%
UFC 205Women's StrawweightJoanna Jedrzejczyk
36%
The Ultimate Fighter 23 FinaleWomen's StrawweightJoanna Jedrzejczyk
36%
The Ultimate Fighter 23 FinaleWomen's StrawweightClaudia Gadelha
28%
UFC 205Women's StrawweightKarolina Kowalkiewicz
28%
The Ultimate Fighter 24 FinaleFlyweightTim Elliott
25%

Score Distribution

Percentile by Number Answered

Percent of People with Each Score

Your Score History

You have not taken this quiz